000 00521nam a2200193Ia 4500
003 GCL
008 140319s9999 xx 000 0 eng d
040 _aGCL /
_cGCL
082 0 4 _a759
_bB F
100 1 _aBROWN, JONATHAN
245 1 0 _aFRANCISCO DEZURBARAN /
_cBROWN, JONATHAN
260 _a[S.N] :
_bTHAMES AND HUDSON ،
_c1991
300 _a128 P
650 0 4 _aSPAIN - PAINTERS
650 0 4 _aPAINTERS AND PAINTINGS
650 0 4 _aZURBAN,FRANCISCO DE(1598-1664)
650 0 4 _aSPANISH BAROQUE ART
942 _2ddc
_cBK
999 _c12236
_d12236